000 00316nam a22001337a 4500
020 _a978-93-5027-102-5
082 _a540
_bMIS/C
100 _aA MISHRA, N OJHA, A S SAHAY
245 _aCORE CHEMISTRY
260 _aDELHI
_bBHARATI BHAWAN
_c2014
300 _a885
650 _aCHEMISTRY FOR CLASS XI
_zINDIA
942 _cBK
999 _c704
_d704